000 00590 a2200169 4500
999 _c7106
_d7106
020 _a0072555211
050 _aHB 171.5 SCH 2003
100 _aSchiller, Bradley R
_eauthor
245 _aStudent problem set for use with the economy today, the macro economy today, the micro economy today/
_cBradley R. Schiller
264 _aBoston :
_bMcGraw-Hill
_c2003
300 _axii; P-72
500 _aText
650 _aEconomics -- Problems, exercises
650 _aMacroeconomics -- Problems, exercises
650 _aMicroeconomics -- Problems, exercises
942 _2lcc
_cBK
_e9th
_h171.5
_iSCH
_kHB